Text book of surveying (Record no. 9715)

000 -LEADER
fixed length control field 00462nam a2200193 4500
001 - CONTROL NUMBER
control field 9715
003 - CONTROL NUMBER IDENTIFIER
control field BD-DhUET
008 - FIXED-LENGTH DATA ELEMENTS--GENERAL INFORMATION
fixed length control field 150201b xxu||||| |||| 00| 0 eng d
040 ## - CATALOGING SOURCE
Original cataloging agency DLC
Transcribing agency DLC
Modifying agency BD-DhUET
082 ## - DEWEY DECIMAL CLASSIFICATION NUMBER
Classification number 526.9
Item number SHA/1982
100 ## - MAIN ENTRY--PERSONAL NAME
Personal name Shajahan, M.
245 ## - TITLE STATEMENT
Title Text book of surveying
250 ## - EDITION STATEMENT
Edition statement 1st ed.
260 ## - PUBLICATION, DISTRIBUTION, ETC. (IMPRINT)
Place of publication, distribution, etc. Dacca
Name of publisher, distributor, etc. Kazi Mahfuzur Rahman
Date of publication, distribution, etc. 1982
300 ## - PHYSICAL DESCRIPTION
Extent x, 367p.
Other physical details ill.
650 #0 - SUBJECT ADDED ENTRY--TOPICAL TERM
Topical term or geographic name as entry element Surveying
700 ## - ADDED ENTRY--PERSONAL NAME
Personal name Aziz, M. A.
942 ## - ADDED ENTRY ELEMENTS (KOHA)
Koha item type General Book
Holdings
Price effective from Koha date last borrowed Source of classification or shelving scheme Date acquired Piece designation (barcode) Copy number Damaged status Sublocation or collection (holding branch) Koha full call number Koha issues (times borrowed) Koha normalized classification for sorting Location (home branch) Koha out on loan Withdrawn status Koha date last seen Shelving location Koha item type Lost status Not for loan
2015-02-012024-11-19 2015-02-0156198 1 Central Library, BUET526.9/SHA/19827526_900000000000000_SHA_1982Central Library, BUET  2025-12-02Circulation sectionGeneral Book  
2015-03-242024-11-19 2015-03-24562002 Central Library, BUET526.9/SHA/19828526_900000000000000_SHA_1982Central Library, BUET2024-12-03 2024-11-19Circulation sectionGeneral Book  
2015-06-08  2015-06-08561913 Central Library, BUET526.9/SHA/1982 526_900000000000000_SHA_1982Central Library, BUET  2015-06-08Reading sectionReading Item  
2015-06-08  2015-06-08561954 Central Library, BUET526.9/SHA/1982 526_900000000000000_SHA_1982Central Library, BUET  2015-06-08Reading sectionReading Item  
2015-06-09  2015-06-09561925 Central Library, BUET526.9/SHA/1982 526_900000000000000_SHA_1982Central Library, BUET  2015-06-09Reading sectionReading Item  
2015-06-13  2015-06-13561946 Central Library, BUET526.9/SHA/1982 526_900000000000000_SHA_1982Central Library, BUET  2015-06-13Reading sectionReading Item